| 000 | 00976nam a2200313Ia 4500 | ||
|---|---|---|---|
| 003 | OSt | ||
| 005 | 20220912150636.0 | ||
| 006 | a|||||r|||| 00| 0 | ||
| 007 | ta | ||
| 008 | 220909b |||||||| |||| 00| 0 eng d | ||
| 020 | _a0387201548 (hbd) | ||
| 024 | _a12227 | ||
| 037 | _b151, 27/08/2004, Ashutosh Technical Books | ||
| 037 | _cTextual | ||
| 040 |
_aCSL _beng _cCSL |
||
| 041 | _aeng | ||
| 082 | _aC:(B281), P4 | ||
| 100 | _aRefregier Philippe | ||
| 245 | 0 | _aNoise theory and application to physics: from fluctuations to information | |
| 260 |
_aNew York _b Springer-Verlag _c2004 |
||
| 300 |
_axiii,288p. _ccm. |
||
| 490 | _aAdvanced texts in physics | ||
| 500 |
_aBibliographical references p285.; Index 287-288p. _ccm. |
||
| 650 | _a Noise theory | ||
| 650 | _a Probability | ||
| 650 | _aPhysics | ||
| 942 |
_hC:(B281), P4 _cTEXL _2CC |
||
| 999 |
_c51715 _d51715 |
||